000 00751nam a2200205 a 4500
001 000376279
003 AM-YeHGA
005 20250618072307.0
008 041102s1983 ai a|||gr|||||||||1|arm|d
040 _aAM-YeHGA
041 0 _aarm
100 1 _aՍարգսյան, Լիպարիտ Տիգրանի,
_d1938-2023
_91060
245 1 0 _aԱկոս :
_b[Բանաստեղծություններ] /
_cԼ. Սարգսյան ; Խմբ.՝ Հ.Թ. Կարճիկյան.
260 _aԵրևան :
_bՍովետական գրող,
_c1983.
300 _a220 էջ ;
_c13 սմ.
650 1 4 _aՀայ գրականություն
_xՊոեզիա
700 1 _aԿարճիկյան, Համլետ Թորգոմի,
_d1936-2022
_eխմբ.
_4edt
_91475
942 _2udc
_cBK
090 _c145178
999 _c143797
_d143797